Перспективы развития франчайзинга в России в условиях экономической нестабильности; Экономика России в XXI веке; Т. 2
| Parent link: | Экономика России в XXI веке: сборник научных трудов XI Международной научно-практической конференции "Экономические науки и прикладные исследования: фундаментальные проблемы модернизации экономики России", посвященной 110-летию экономического образования в Томском политехническом университете, г. Томск, 18-22 ноября 2014 г./ Национальный исследовательский Томский политехнический университет (ТПУ) ; ред. кол. Г. А. Барышева [и др.].— , 2014 Т. 2.— 2014.— [С. 368-374] |
|---|---|
| Main Author: | |
| Corporate Author: | |
| Other Authors: | |
| Summary: | Заглавие с титульного экрана В статье рассмотрены особенности развития франчайзинга в России, описываются основные проблемы, которые возникают у малого бизнеса при работе с франшизой, в том числе со стороны интеллектуальной собственности, финансирования и законодательства. Также делаются основные выводы о текущей ситуации в области российского франчайзинга, дается оценка законодательства и предлагаются возможные пути защиты репутации своей марки и обеспечения безопасности от возможных проблем франчайзи. Более подробней в статье рассмотрен франчайзинг в сфере общественного питания. |
| Language: | Russian |
| Published: |
2014
|
| Series: | Инновации и предпринимательство |
| Subjects: | |
| Online Access: | http://www.lib.tpu.ru/fulltext/c/2014/C40/V2/075.pdf |
| Format: | MixedMaterials Electronic Book Chapter |
| KOHA link: | https://koha.lib.tpu.ru/cgi-bin/koha/opac-detail.pl?biblionumber=610408 |
MARC
| LEADER | 00000naa2a2200000 4500 | ||
|---|---|---|---|
| 001 | 610408 | ||
| 005 | 20260403091244.0 | ||
| 035 | |a (RuTPU)RU\TPU\conf\8014 | ||
| 035 | |a RU\TPU\conf\8012 | ||
| 090 | |a 610408 | ||
| 100 | |a 20150122d2014 k y0rusy50 ca | ||
| 101 | 0 | |a rus | |
| 102 | |a RU | ||
| 135 | |a drgn ---uucaa | ||
| 181 | 0 | |a i | |
| 182 | 0 | |a b | |
| 200 | 1 | |a Перспективы развития франчайзинга в России в условиях экономической нестабильности |f К. С. Ковалева |g науч. рук. И. П. Воробьева | |
| 203 | |a Текст |c электронный | ||
| 225 | 1 | |a Инновации и предпринимательство | |
| 300 | |a Заглавие с титульного экрана | ||
| 320 | |a [Библиогр.: с. 374 (10 назв.)] | ||
| 330 | |a В статье рассмотрены особенности развития франчайзинга в России, описываются основные проблемы, которые возникают у малого бизнеса при работе с франшизой, в том числе со стороны интеллектуальной собственности, финансирования и законодательства. Также делаются основные выводы о текущей ситуации в области российского франчайзинга, дается оценка законодательства и предлагаются возможные пути защиты репутации своей марки и обеспечения безопасности от возможных проблем франчайзи. Более подробней в статье рассмотрен франчайзинг в сфере общественного питания. | ||
| 337 | |a Adobe Reader | ||
| 461 | 1 | |0 (RuTPU)RU\TPU\conf\7533 |t Экономика России в XXI веке |o сборник научных трудов XI Международной научно-практической конференции "Экономические науки и прикладные исследования: фундаментальные проблемы модернизации экономики России", посвященной 110-летию экономического образования в Томском политехническом университете, г. Томск, 18-22 ноября 2014 г. |o в 2 т. |f Национальный исследовательский Томский политехнический университет (ТПУ) ; ред. кол. Г. А. Барышева [и др.] |d 2014 | |
| 463 | 0 | |0 (RuTPU)RU\TPU\conf\7539 |t Т. 2 |v [С. 368-374] |d 2014 | |
| 610 | 1 | |a труды учёных ТПУ | |
| 610 | 1 | |a электронный ресурс | |
| 610 | 1 | |a перспективы развития | |
| 610 | 1 | |a франчайзинг | |
| 610 | 1 | |a Россия | |
| 610 | 1 | |a экономическая нестабильность | |
| 610 | 1 | |a малый бизнес | |
| 610 | 1 | |a франшизы | |
| 610 | 1 | |a общественное питание | |
| 700 | 1 | |a Ковалева |b К. С. | |
| 702 | 1 | |a Воробьева |b И. П. |c экономист |c доцент Томского политехнического университета, кандидат экономических наук |f 1949- |g Ирина Павловна |4 727 | |
| 712 | 0 | 2 | |a Национальный исследовательский Томский политехнический университет (ТПУ) |b Институт социально-гуманитарных технологий (ИСГТ) |b Кафедра экономики (ЭКОН) |3 (RuTPU)RU\TPU\col\18375 |
| 801 | 2 | |a RU |b 63413507 |c 20150122 |g RCR | |
| 856 | 4 | |u http://www.lib.tpu.ru/fulltext/c/2014/C40/V2/075.pdf | |
| 942 | |c BK | ||